000 00474nam a2200145Ia 4500
008 221007s9999 xx 000 0 und d
041 _aeng
082 _bDEV
100 _aDevashree Patwardhan - 2k171145; Dr. Jyoti Gaikwad - Guide & H & R Block
_9105151
245 _aTo Study Customer Retention And Satisfaction Based On Pricing Strategies Used
260 _c2018
_bSavitribai Phule Pune University
_aPune
300 _a50p
_cHard Bound
440 _v1
906 _bGeneral
999 _c80051
_d80051